Wireless sensor networks / (Record no. 179742)
[ view plain ]
| 000 -LEADER | |
|---|---|
| fixed length control field | 01090 a2200265 4500 |
| 003 - CONTROL NUMBER IDENTIFIER | |
| control field | Nust |
| 005 - DATE AND TIME OF LATEST TRANSACTION | |
| control field | 20221007184825.0 |
| 010 ## - LIBRARY OF CONGRESS CONTROL NUMBER | |
| LC control number | 2004046459 |
| 020 ## - INTERNATIONAL STANDARD BOOK NUMBER | |
| International Standard Book Number | 1402078838 (alk. paper) |
| 020 ## - INTERNATIONAL STANDARD BOOK NUMBER | |
| International Standard Book Number | 1402078846 (eBook) |
| 040 ## - CATALOGING SOURCE | |
| Transcribing agency | Nust |
| 082 00 - DEWEY DECIMAL CLASSIFICATION NUMBER | |
| Classification number | 681.2,WIR |
| 245 00 - TITLE STATEMENT | |
| Title | Wireless sensor networks / |
| Statement of responsibility, etc. | edited by C.S. Raghavendra, Krishna M. Sivalingam, Taieb Znati. |
| 260 ## - PUBLICATION, DISTRIBUTION, ETC. | |
| Place of publication, distribution, etc. | Boston : |
| Name of publisher, distributor, etc. | Springer Publishers, |
| Date of publication, distribution, etc. | c2004. |
| 300 ## - PHYSICAL DESCRIPTION | |
| Extent | xv, 426 p. : |
| Other physical details | ill. ; |
| Dimensions | 25 cm. |
| 505 ## - FORMATTED CONTENTS NOTE | |
| Formatted contents note | Part 1: Basics (Page-1), Part 2: Network Protocols (Page-71), Part 3: Data Storage and Manipulation (Page-183), Part 4: Security (Page-251), Part 5: Applications (Page-373). |
| 650 #0 - SUBJECT ADDED ENTRY--TOPICAL TERM | |
| Topical term or geographic name entry element | Sensor networks. |
| 9 (RLIN) | 94573 |
| 650 #0 - SUBJECT ADDED ENTRY--TOPICAL TERM | |
| Topical term or geographic name entry element | Wireless LANs. |
| 9 (RLIN) | 94460 |
| 700 1# - ADDED ENTRY--PERSONAL NAME | |
| Personal name | Raghavendra, C. S. |
| 9 (RLIN) | 99547 |
| 700 1# - ADDED ENTRY--PERSONAL NAME | |
| Personal name | Sivalingam, Krishna M. |
| 9 (RLIN) | 99548 |
| 700 1# - ADDED ENTRY--PERSONAL NAME | |
| Personal name | Znati, Taieb F. |
| 9 (RLIN) | 99549 |
| 856 42 - ELECTRONIC LOCATION AND ACCESS | |
| Materials specified | Publisher description |
| Uniform Resource Identifier | <a href="http://www.loc.gov/catdir/enhancements/fy0821/2004046459-d.html">http://www.loc.gov/catdir/enhancements/fy0821/2004046459-d.html</a> |
| 856 42 - ELECTRONIC LOCATION AND ACCESS | |
| Materials specified | Table of contents only |
| Uniform Resource Identifier | <a href="http://www.loc.gov/catdir/enhancements/fy0821/2004046459-t.html">http://www.loc.gov/catdir/enhancements/fy0821/2004046459-t.html</a> |
| 942 ## - ADDED ENTRY ELEMENTS (KOHA) | |
| Koha item type | Reference |
| Source of classification or shelving scheme | |
| Withdrawn status | Lost status | Source of classification or shelving scheme | Damaged status | Not for loan | Permanent Location | Current Location | Shelving location | Date acquired | Full call number | Barcode | Date last seen | Price effective from | Koha item type | Public note |
|---|---|---|---|---|---|---|---|---|---|---|---|---|---|---|
| Military College of Signals (MCS) | Military College of Signals (MCS) | Reference | 12/12/2016 | 681.2,WIR | MCS32727 | 12/08/2016 | 12/12/2016 | Reference | Almirah No.24, Shelf No.6 |
